| 000 | 01620nam a2200397 a 4500 | ||
|---|---|---|---|
| 001 | ebr10491987 | ||
| 003 | CaPaEBR | ||
| 006 | m u | ||
| 007 | cr cn||||||||| | ||
| 008 | 980729s1998 pau sb 001 0 eng d | ||
| 010 | _z 98027820 | ||
| 020 | _z0812234677 (alk. paper) | ||
| 020 | _z9780812234671 | ||
| 020 | _z9780812202427 (e-book) | ||
| 040 |
_aCaPaEBR _cCaPaEBR |
||
| 035 | _a(OCoLC)759158235 | ||
| 043 |
_acc----- _aa-ii--- |
||
| 050 | 1 | 4 |
_aHD4875.C27 _bK35 1998eb |
| 082 | 0 | 4 |
_a306.36/09729 _221 |
| 100 | 1 | _aKale, Madhavi. | |
| 245 | 1 | 0 |
_aFragments of empire _h[electronic resource] : _bcapital, slavery, and Indian indentured labor migration in the British Caribbean / _cMadhavi Kale. |
| 260 |
_aPhiladelphia [Pa.] : _bUniversity of Pennsylvania Press, _cc1998. |
||
| 300 | _a235 p. | ||
| 490 | 1 | _aCritical histories | |
| 504 | _aIncludes bibliographical references (p. [205]-227) and index. | ||
| 533 |
_aElectronic reproduction. _bPalo Alto, Calif. : _cebrary, _d2013. _nAvailable via World Wide Web. _nAccess may be limited to ebrary affiliated libraries. |
||
| 650 | 0 |
_aIndentured servants _zCaribbean Area _xHistory. |
|
| 650 | 0 |
_aIndentured servants _zIndia _xHistory. |
|
| 650 | 0 |
_aLabor supply _zCaribbean Area _xHistory. |
|
| 650 | 0 |
_aSlave labor _zCaribbean Area _xHistory. |
|
| 651 | 0 |
_aIndia _xEmigration and immigration _xHistory. |
|
| 655 | 7 |
_aElectronic books. _2local |
|
| 710 | 2 | _aebrary, Inc. | |
| 830 | 0 | _aCritical histories. | |
| 856 | 4 | 0 |
_uhttp://site.ebrary.com/lib/rucke/Doc?id=10491987 _zAn electronic book accessible through the World Wide Web; click to view |
| 999 |
_c229037 _d229037 |
||